000 00499nam a2200181Ia 4500
008 151018s9999 xx 000 0 und d
082 _bRBASDV16472
_a891.463
100 _aबाळ सामंत
245 _aगोंधळ
250 _b1
260 _bचितामणी प्रकाशन
_c1961
300 _a110
600 _aबाळ सामंत
630 _aगोंधळ
700 _aबाळ सामंत
730 _aगोंधळ
942 _cBOOK
999 _c1017182
_d1017179